Statistics for Football Families #1

Click here to take the quiz!

General Stats

  • This quiz has been taken 25 times
  • The average score is 13 of 15

Answer Stats

HintAnswer% Correct
Erling, AlfieHaaland
100%
Eden, Thorgan, KylianHazard
96%
Kolo, YayaToure
96%
Jerome, Kevin PrinceBoateng
91%
Lucas, TheoHernandez
91%
Jordan, RomeluLukaku
87%
Peter, KasperSchmeichel
87%
Paolo, Cesare, Christian, DanielMaldini
83%
Taulant, GranitXhaka
83%
Thiago, RafinhaAlcantara
78%
Rio, Les, AntonFerdinand
78%
Alisson, MurielBecker
74%
Frank Jr, Frank SrLampard
74%
Frank, RonaldDe Boer
70%
Paul, Florentin, MathiasPogba
65%

Score Distribution

Percentile by Number Answered

Percent of People with Each Score

Your Score History

You have not taken this quiz